Most Guessed Country on Most guessed countries etc... - Statistics

General Stats
  • This quiz has been taken 108 times
  • The average score is 1 of 1
Answer Stats
COTW MGCJ MGCMGC MGMGMGC MGMGMGMGC MMGMGMGMGC Answer % Correct
96% 98% 98% 96% 100% 93% China
100%
No matching quizzes found
Score Distribution
Percent of People with Each Score
Percentile by Number Answered
Your Score History
You have not taken this quiz